MP3 দৈনন্দিন বিজ্ঞান / (Record no. 13382)
[ view plain ]
| 000 -LEADER | |
|---|---|
| fixed length control field | 00720nam a2200217 a 4500 |
| 001 - CONTROL NUMBER | |
| JCCL Control Number | 13382 |
| 003 - CONTROL NUMBER IDENTIFIER | |
| JCCL marc code | BD-JhCC |
| 005 - DATE AND TIME OF LATEST TRANSACTION | |
| control field | 20230915100741.0 |
| 008 - FIXED-LENGTH DATA ELEMENTS--GENERAL INFORMATION | |
| fixed length control field | 171017s20072023bg |||| ||a| 000 0 ben d |
| 020 ## - INTERNATIONAL STANDARD BOOK NUMBER | |
| International Standard Book Number | 9789843332878 |
| 035 ## - SYSTEM CONTROL NUMBER | |
| system control number | (BD-JhCC)13382 |
| 040 ## - CATALOGING SOURCE | |
| Original cataloging agency | BD-JhCC |
| Modifying agency | BD-JhCC |
| 041 ## - LANGUAGE CODE | |
| Language code of Book | bengali |
| 082 ## - DEWEY DECIMAL CLASSIFICATION NUMBER | |
| Classification number | 001 |
| Author mark and Year | HOS 2023 |
| 100 ## - MAIN ENTRY--PERSONAL NAME | |
| Personal name | হোসেন, ড. মো. শাহনেওয়াজ |
| 245 ## - TITLE STATEMENT | |
| Title | MP3 দৈনন্দিন বিজ্ঞান / |
| Statement of responsibility, etc | ড. মো. শাহনেওয়াজ হোসেন । |
| 260 ## - PUBLICATION, DISTRIBUTION, ETC. (IMPRINT) | |
| Place of publication, distribution, etc | ঢাকা : |
| Name of publisher, distributor, etc | এমপি ৩ পাবলিকেশন; |
| Date of publication, distribution, etc | ২০২৩. |
| 300 ## - PHYSICAL DESCRIPTION | |
| Pagination | 322 p. : |
| Dimensions | 22 cm. |
| 650 ## - SUBJECT ADDED ENTRY--TOPICAL TERM | |
| Topical term or geographic name as entry element | General Knowledge |
| 942 ## - ADDED ENTRY ELEMENTS (KOHA) | |
| Source of classification or shelving scheme | Dewey Decimal Classification |
| Koha item type | Books |
| Source of classification or shelving scheme | Damaged status | Not for loan | Home library | Current library | Shelving location | Date of accession | Cost, normal purchase price | Total Checkouts | Full call number | Barcode | Date last seen | Date checked out | Copy number | Method of acquisition | Koha item type | Currency |
|---|---|---|---|---|---|---|---|---|---|---|---|---|---|---|---|---|
| Dewey Decimal Classification | JCC Rouf Library | JCC Rouf Library | General Stacks | 09/15/2023 | 230.00 | 1 | 001 HOS 2023 | 18541 | 02/06/2024 | 09/16/2023 | C-1 | Purchase | Books | BDT | ||
| Dewey Decimal Classification | JCC Rouf Library | JCC Rouf Library | General Stacks | 09/15/2023 | 230.00 | 4 | 001 HOS 2023 | 18540 | 05/08/2024 | 05/06/2024 | C-2 | Purchase | Books | BDT |